000 00508nam a2200157Ia 4500
003 IQ-KOUCL
041 _aKurdish
082 _a791,43 cut-594 س
100 _a20260118u\\\\\\\\\\\y0engy0103\\\\ba
100 _aگێفرى نوویڵ سمیس
245 0 _aئینسایکلۆپیدیاى سەد ساڵەى سینەماى جیهان ١٨٩٥ - ١٩٣٠بەشى یەکەم
250 _aچ1
260 _bچاپخانەیى پاندا
_aسلیمانى - العراق
_c2023
300 _a652
942 _cBk
999 _c187355
_d187355